Movies that start with a B - Statistics

General Stats
  • This quiz has been taken 1,137 times
  • The average score is 8 of 15
Answer Stats
Hint Answer % Correct
Butchers, beware: Pig wins a sheep herding contest Babe
93%
Fawn grows up to be a stag Bambi
87%
Michael J. Fox gets his mother to fall in love with his father Back to the Future
83%
Princess falls for hairy monster. Beauty and the Beast
83%
Mel Gibson: good. British: Bad. Braveheart
65%
Charlton Heston can ride this chariot, baby. Ben Hur
59%
Boy has to Be a Boxer But Becomes a Ballet dancer Billy Elliot
50%
Bandits on the lam: Warren Beatty and Faye Dunaway Bonnie and Clyde
45%
The Buzz is, Jerry Seinfeld falls in love with a florist Bee movie
43%
Jane Fonda zips through the galaxy on a kitschy spaceship Barbarella
38%
Thirteen going on thirty Big
30%
Dog show mockumentary. Best in Show
28%
Elephant loses mother to hunter, becomes king Babar
25%
British POWs toil on a Japanese railroad during WWII Bridge on the River Kwai
24%
Purebred from California discovers her roots in Mexico. Beverly Hills Chihuahua
5%
No matching quizzes found
Score Distribution
Percent of People with Each Score
Percentile by Number Answered
Your Score History
You have not taken this quiz